Mistrzostwa FIFA 2026 - Statystyki

Ogólne statystyki
  • Ten quiz został rozwiązany 49 razy
  • Średni wynik to 28 z 42
Statystyki odpowiedzi
% Poprawnych
Portugalia
98%
Hiszpania
93%
Meksyk
88%
Stany Zjednoczone
88%
Anglia
85%
Brazylia
85%
Holandia
85%
Argentyna
83%
Niemcy
83%
Japonia
80%
Kanada
78%
Egipt
76%
Korea Południowa
76%
Austria
73%
Belgia
73%
Francja
73%
Kolumbia
73%
Maroko
73%
Norwegia
73%
Urugwaj
73%
Australia
71%
Iran
71%
Republika Południowej Afryki
71%
Tunezja
68%
Szwajcaria
66%
Chorwacja
63%
Algieria
61%
Arabia Saudyjska
61%
Szkocja
59%
Nowa Zelandia
56%
Senegal
56%
Ekwador
51%
Panama
51%
Paragwaj
51%
Ghana
49%
Katar
49%
Uzbekistan
46%
Curacao
44%
Wybrzeże Kości Słoniowej
41%
Haiti
37%
Jordania
37%
Republika Zielonego Przylądka
37%
Nie znaleziono quizów pasujących do podanych kryteriów
Rozkład punktacji
Procent ludzi z każdym wynikiem
Percentyl według liczby udzielonych odpowiedzi
Twoja historia wyników
Nie rozwiązałeś tego quizu